| 000 | 00485nam a22001697a 4500 | ||
|---|---|---|---|
| 005 | 20250328112951.0 | ||
| 008 | 250328b |||||||| |||| 00| 0 eng d | ||
| 020 | _a9780072962215 | ||
| 050 |
_aHD30 _b.28.T53 THO |
||
| 100 | _aStrickland, J. A. | ||
| 245 |
_aCrafting and executing strategy; _bthe quest for competitive advantage concepts and cases |
||
| 250 | _a4th | ||
| 260 |
_aBoston _bMcgRAW-Hill _cC2005 |
||
| 300 | _axli, 694p | ||
| 700 | _aGamble John E. | ||
| 942 |
_2lcc _cBK _n0 |
||
| 999 |
_c5288 _d5288 |
||